00768nam a2200205 a 450000100100000000500170001000800410002704000250006808200150009310000130010824500770012125000110019826000690020930000200027849000720029849000450037050400300041583000720044583000450051700002412120250924073802.0110119s1985 dr 000 0 spa d aDO-SdBNPbspacBNPHU axxxbP348m1 aPaz, Ida14aLos medios masivo de comunicación en la lucha ideológica /cIda Paz. a2a ed. aSanto Domingo :bUniversidad Autónoma de Santo Domingo,c1985. a46 p. ;c22 cm.1 aPublicaciones de la Universidad Autónoma de Santo Domingovv. 3651 aCuaderno de Comunicación Socialvno. 1 aBibliografía : p. 45-46 aPublicaciones de la Universidad Autónoma de Santo Domingovv. 365 0aCuaderno de Comunicación Socialnno. 1